000 01119nam a2200277 a 4500
001 000023196
005 20200930022042.0
008 101130k19851987sp 000 0 spa d
020 _a8424909739
040 _aDO-SdBNP
_bspa
_cBNPHU
082 _axxxx
_bP737o
100 1 _aPlutarco,
_d46?-120?
_947747
245 1 0 _aObras morales y de costumbres :
_bmoralia /
_cPlutarco ; introducciones, traducciones y notas de Concepción Morales Otal, José García López y Francisco Martín García.
260 _aMadrid :
_bEditorial Gredos,
_c1985.
300 _av. ;
_c20 cm.
490 1 _aBiblioteca clásica Gredos
_v78
490 1 _aBiblioteca clásica Gredos
_v109
500 _aLa biblioteca posee los volúmenes 1 y 4.
500 _aIncluye notas al pie de las páginas.
500 _aincluye índice de nombres propios, autores y pasajes citados.
700 1 _aMorales Otal, Concepción,
_etr.
_947748
700 1 _aGarcía López, José,
_etr.
_947749
700 1 _aGarcía, Francisco Martín,
_etr.
_947750
830 0 _aBiblioteca clásica Gredos ;
_v109
_98642
830 0 _aBiblioteca clásica Gredos;
_v78
_98642
999 _c22693
_d22693